000 00710nam a2200229 i 4500
003 DO-SdBNP
005 20230907095747.0
007 ta
008 110413s1955 dr co 000 0 spa d
040 _aDO-SdBNP
_bspa
_cBNPHU
_erda
082 _axxxx
_bB277p
_222
100 1 _aBarroso, Javier
_d1903-1990
_984075
245 1 0 _aPalacio de Colón :
_bmemoria /
_cJavier Barroso
264 1 _aCiudad Trujillo, República Dominicana :
_bCaribe,
_c1955.
300 _a47 páginas
_bretratos, fotografías
_c26 cm.
336 _2rdacontent
_atexto
_btxt
337 _2rdamedia
_asin mediación
_bn
338 _2rdacarrier
_avolumen
_bnc
590 _aInventariado, 2023/ YL
910 _aYLockward
942 _2ddc
_cLF2
999 _c54648
_d54648